| 000 | 00501nam a2200181Ia 4500 | ||
|---|---|---|---|
| 999 |
_c34271 _d34271 |
||
| 003 | OSt | ||
| 005 | 20200908131343.0 | ||
| 008 | 190216s9999||||xx |||||||||||||| ||und|| | ||
| 020 | _a9788173197048 | ||
| 040 | _coclc | ||
| 082 |
_a539.7 _bDEV/N |
||
| 100 |
_aDevanathan, V _94442 |
||
| 245 | 0 |
_aNuclear Physics / _cV Devanathan |
|
| 260 |
_bNarosa Publishing House, _c2006. _aNew Delhi: |
||
| 300 | _a388p | ||
| 650 | _aPhysics | ||
| 942 |
_cBK _2ddc _h539.7 _iDEV/N _k539.7 _mDEV/N |
||